000 00285nam a22001337a 4500
008 170809b xxu||||| |||| 00| 0 eng d
020 _a9781584504818
041 _aeng
080 _a004
100 _a35
101 _aSHK
245 _aLINUX TCP/ IP
_cHERBERT,TH.E
942 _2udc
_cBK
999 _c22966
_d22966